000 00251nam a2200109Ia 4500
008 190216s9999||||xx |||||||||||||| ||und||
100 _aKanam E J
245 0 _aMalayalam-Puthiyamannu
260 _bS N V Book Deppo
650 _aMalayalam
942 _cBK
999 _c25109
_d25109